000 00862nam a22002417a 4500
003 OSt
005 20250814022948.0
008 240701b |||||||| |||| 00| 0 eng d
020 _a9781975207359
040 _aDWCL-Main lib.
_cOC
082 _aCirc. 618.2 Si582m 2022
100 _aSilbert- Flagg, JoAnne
245 _aMaternal and child health nursing :
_b care of the childbearing and childrearing family vol.2 /
_cJoAnne Silbert- Flagg & Collen E. Kennedy
250 _a9th edition
260 _aPhiledaphia :
_bWolters Kluwer Health,
_cc2022.
300 _avol.2, xxxi, 1672 pages :
_billustrations ;
_c26cm.
504 _aIncludes appendix and index.
650 _a1. Maternal --- Child nursing.
650 _a2. Family health.
650 _a3. Holistic nursing.
700 _aKennedy, Collen E.
942 _2ddc
_cBK-CIRC
_kCirc.
_n0
_e9th edition
999 _c1709
_d1709